Catálogo
 En Linea

La juventud lucha por su porvenir / (Registro nro. 18652)

Detalles MARC
000 -CABECERA
campo de control de longitud fija 00619nam a2200169 a 4500
001 - NÚMERO DE CONTROL
campo de control 000019134
005 - FECHA Y HORA DE LA ÚLTIMA TRANSACCIÓN
campo de control 20200929165930.0
008 - DATOS DE LONGITUD FIJA--INFORMACIÓN GENERAL
campo de control de longitud fija 100526s1986 ru c r 000 0 spa d
040 ## - FUENTE DE LA CATALOGACIÓN
Centro catalogador/agencia de origen DO-SdBNP
Lengua de catalogación spa
Centro/agencia transcriptor BNPHU
082 ## - NÚMERO DE LA CLASIFICACIÓN DECIMAL DEWEY
Número de clasificación xxx
Número de documento/Ítem D249j
049 ## - FONDOS LOCALES (OCLC)
Fondos de biblioteca BNGR
100 1# - ENTRADA PRINCIPAL--NOMBRE DE PERSONA
Nombre de persona Davidow, Mike
9 (RLIN) 41165
245 13 - MENCIÓN DE TÍTULO
Título La juventud lucha por su porvenir /
Mención de responsabilidad, etc. Mike Davidow ; traductor Vladimir Alexeev.
260 ## - PUBLICACIÓN, DISTRIBUCIÓN, ETC.
Lugar de publicación, distribución, etc. Moscú :
Nombre del editor, distribuidor, etc. Agencia de Prensa Nóvisti,
Fecha de publicación, distribución, etc. 1986.
300 ## - DESCRIPCIÓN FÍSICA
Extensión 63 p. :
Otras características físicas retrs. ;
Dimensiones 17 cm.
500 ## - NOTA GENERAL
Nota general En la portada: notas de un periodista norteamericano sobre XII Festival Mundial de la Juventud y los Estudiantes en Moscú
Existencias
Estado de retiro Estado de pérdida Restricciones de uso No para préstamo Código de colección Localización permanente Ubicación/localización actual Ubicación en estantería Fecha de adquisición Número de inventario Total de préstamos Signatura topográfica completa Código de barras Fecha visto por última vez Precio válido a partir de Tipo de ítem Koha
        Monografías: Libros y Folletos General General En catalogación 26.05.2010 LF1   xxx D249j 19134-10 25.06.2020 25.06.2020 Préstamo en sala

Con tecnología Koha